Léim chuig an ábhar

О переключающемся режиме воспроизводства Статья

Sábháilte in:
Sonraí bibleagrafaíochta
Príomhchruthaitheoir: Маевский В. И.
Formáid: Статья
Rochtain ar líne:https://znanium.com/catalog/document?id=153032
https://znanium.com/cover/0435/435591.jpg
Clibeanna: Cuir clib leis
Níl clibeanna ann, Bí ar an gcéad duine le clib a chur leis an taifead seo!
LEADER 01351nam0a2200217 i 4500
001 RU\infra-m\znanium\bibl\435591
003 https://znanium.com/catalog/document?id=153032
005 20210202000000.0
100 |a 20210202d2013 m y0rusy0150 ca 
101 0 |a rus 
102 |a RU 
200 1 |a О переключающемся режиме воспроизводства  |e Статья  |f Государственный университет управления 
210 1 |a Ростов-на-Дону  |c Издательство Южного федерального университета (ЮФУ)  |d 2012 
215 |a 9 с. 
333 |a ВО - Магистратура 
606 |a Экономика. Бухгалтерский учет. Финансы  |x Теория и история экономики  |2 local 
608 |a Статья  |2 local 
700 1 |a Маевский  |b В. И.  |g Владимир Иванович  |p Государственный университет управления 
801 0 |a RU  |b Общество с ограниченной ответственностью «ЗНАНИУМ»  |c 20130830  |2 rusmarc 
856 4 |a znanium.com  |m ebs_support@infra-m.ru  |n НИЦ ИНФРА-М  |u https://znanium.com/catalog/document?id=153032 
856 4 1 |a znanium.com  |d /cover/0435  |f 435591.jpg  |q image/jpeg  |u https://znanium.com/cover/0435/435591.jpg